Pokémon - Les attaques de Forgerette - Statistiques

Statistiques générales
  • Ce quiz a été pris 11 fois
  • Le résultat moyen est 12 sur 16
Statistiques - réponses
Niveaux Types Noms des attaques % Correct
Niveau 35 Fée Câlinerie
100%
Départ Spectre Étonnement
100%
Niveau 17 Fée Vampibaiser
100%
Départ Fée Vent Féérique
100%
Niveau 21 Fée Doux Baiser
80%
Niveau 43 Ténèbres Flatterie
80%
Niveau 8 Acier Griffe Acier
80%
Niveau 31 Acier Luminocanon
80%
Niveau 47 Insecte Ravage Rampant
80%
Niveau 5 Fée Regard Touchant
80%
Niveau 52 Ténèbres Sabotage
80%
Niveau 27 Normal Souplesse
80%
Niveau 24 Ténèbres Centrifugifle
60%
Niveau 39 Normal Bluff
40%
Niveau 14 Combat Éclate-Roc
40%
Niveau 11 Normal Implore
40%
Aucun quiz correspondant
Distribution des résultats
% des personnes avec chaque résultat
Percentile par nombre de réponses
Votre historique - résultats
Vous n’avez pas pris ce quiz